000 00618nam a22001937a 4500
003 0
005 20241114153144.0
008 241114b xxu||||| |||| 00| 0 eng d
020 _a9789811250743
050 _aH 85
_b.H78 2022
100 _aHsu, Sze-Bi,
_eauthor.
245 _aOrdinary differential equations with applications /
_cSze-Bi Hsu, Kuo-Chang Chen.
250 _a3rd ed.
260 _aSingapore :
_bWorld Scientific Publishing Co. Pte. Ltd.,
_cc2022.
300 _axv, 361 p. ;
_c24 cm.
504 _aIncludes bibliographical references and index.
650 _aDifferential equations.
942 _2lcc
_cBK
999 _c366723
_d366723